000 00247 a2200085 4500
020 _a9789387193987
100 _aAppal Sunejja
245 _aArchitectural Journalism & Criticism - Competition Series (2017-18)
260 _bwhite falcon publishing
_c2018
999 _c13549
_d13549